000 00356nam a22001571a 4500
020 _a9788170281351
082 _aH3
_bCHA/V
100 _aChatursen
245 _aVayam rakshamah/
_cby Chatursen
260 _aNew Delhi:
_bRajpal,
_c1998.
300 _a427p.
650 _aNovel Hindi
650 _aLiterature Hindi
650 _aLiterature
942 _cBK
999 _c49265
_d49265